Central Library OPAC University of Rajshahi

The diction of poetry from Spenser to Bridges / (Record no. 21906)

MARC details
000 -LEADER
fixed length control field 00839nam a2200253 a 4500
001 - CONTROL NUMBER
control field 21906
003 - CONTROL NUMBER IDENTIFIER
rucl marc code BD-RjUL
005 - DATE AND TIME OF LATEST TRANSACTION
control field 20211209000738.0
008 - FIXED-LENGTH DATA ELEMENTS--GENERAL INFORMATION
fixed length control field 140305r19601955onc b 001 0 eng d
035 ## - SYSTEM CONTROL NUMBER
System control number oxf98004097
System control number (BD-RjUL)21971
040 ## - CATALOGING SOURCE
Original cataloging agency Rochester. Univ. Libr
Transcribing agency WSU
Modifying agency SER
-- BD-RjUL
Language of cataloging eng
041 ## - LANGUAGE CODE
Language code of text/sound track or separate title eng
082 ## - DEWEY DECIMAL CLASSIFICATION NUMBER
Classification number 821.09
Author mark and year GRD
100 1# - MAIN ENTRY--PERSONAL NAME
Personal name Groom, Bernard,
Dates associated with a name 1892-
9 (RLIN) 67633
245 14 - TITLE STATEMENT
Title The diction of poetry from Spenser to Bridges /
Statement of responsibility, etc. Bernard Groom.
260 ## - PUBLICATION, DISTRIBUTION, ETC. (IMPRINT)
Place of publication, distribution, etc. [Toronto] ;
-- London :
Name of publisher, distributor, etc. University of Toronto Press :
-- Oxford University Press,
Date of publication, distribution, etc. c1955 [reprinted 1960]
300 ## - PHYSICAL DESCRIPTION
Pagination viii, 284 p. ;
Size 24 cm.
504 ## - BIBLIOGRAPHY, ETC. NOTE
Bibliography, etc Bibliographical footnotes.
650 #0 - SUBJECT ADDED ENTRY--TOPICAL TERM
Topical term or geographic name as entry element English language
Form subdivision Dictionaries.
9 (RLIN) 67634
Topical term or geographic name as entry element English poetry
General subdivision History and criticism.
9 (RLIN) 54587
942 ## - ADDED ENTRY ELEMENTS (KOHA)
Source of classification or shelving scheme Dewey Decimal Classification
Koha item type Books
Holdings
Lost status Source of classification or shelving scheme Damaged status Not for loan Collection code Permanent Location Current Location Shelving location Date acquired Source of acquisition Cost, normal purchase price Total Checkouts Full call number Date last seen Copy number Koha item type
  Dewey Decimal Classification   Added to bundle Fiction Central Library, University of Rajshahi Central Library, University of Rajshahi Reading Room 20/03/1968 Paragon Enterprise. 33.75   821.09 GRD 1960 05/03/2014 C-2 Books
  Dewey Decimal Classification   Not For Loan Non-fiction Central Library, University of Rajshahi Central Library, University of Rajshahi Reading Room 20/03/1968 Paramount book corporation 33.75   821.09 GRD 1960 15/01/2020 C-1 Books